[Event "AUT-chT2O 1314"]
[Site "Austria"]
[Date "2014.02.23"]
[Round "9.2"]
[White "Kirschner, Alexander"]
[Black "Polak, Tomas"]
[Result "0-1"]
[WhiteElo "2286"]
[BlackElo "2502"]
[PlyCount "66"]
[EventDate "2013.10.05"]
[EventType "team-tourn"]
[EventRounds "11"]
[EventCountry "AUT"]
[SourceTitle "EXT 2015"]
[Source "ChessBase"]
[SourceDate "2014.11.20"]
[SourceVersion "1"]
[SourceVersionDate "2014.11.20"]
[SourceQuality "1"]
[WhiteTeam "Waehring"]
[BlackTeam "Zwettl"]
[WhiteTeamCountry "AUT"]
[BlackTeamCountry "AUT"]

1. c4 b6 2. Nc3 Bb7 3. e4 e5 4. g3 f5 5. Bg2 Nf6 6. Nge2 Na6 7. d3 fxe4 8. dxe4 Nc5 9. 0-0 Ne6 10. Qc2 Bc5 11. a3 0-0 12. b4 Bd4 13. Rb1 c5 14. Nxd4 Nxd4 15. Qd3 Bc6 16. h3 d6 17. Nd5 Nxd5 18. exd5 Bd7 19. f4 Bf5 20. Be4 Bxe4 21. Qxe4 Qd7 22. Qg2 Rae8 23. Be3 exf4 24. Bxd4 cxd4 25. Rbd1 Re3 26. Rxf4 Rxf4 27. gxf4 Rxh3 28. Rxd4 Qf5 29. Re4 Rxa3 30. Qe2 Qg6+ 31. Kf1 Ra1+ 32. Kf2 Qg1+ 33. Kf3 Rf1+ 0-1

[Event "AUT-chT2O 1314"]
[Site "Austria"]
[Date "2014.01.26"]
[Round "7.3"]
[White "Wallner, Joachim"]
[Black "Kirschner, Alexander"]
[Result "1-0"]
[WhiteElo "2365"]
[BlackElo "2286"]
[PlyCount "63"]
[EventDate "2013.10.05"]
[EventType "team-tourn"]
[EventRounds "11"]
[EventCountry "AUT"]
[SourceTitle "EXT 2015"]
[Source "ChessBase"]
[SourceDate "2014.11.20"]
[SourceVersion "1"]
[SourceVersionDate "2014.11.20"]
[SourceQuality "1"]
[WhiteTeam "Wulkaprodersdorf"]
[BlackTeam "Waehring"]
[WhiteTeamCountry "AUT"]
[BlackTeamCountry "AUT"]

1. e4 e6 2. d4 d5 3. Nd2 Be7 4. Ngf3 Nf6 5. e5 Nfd7 6. Bd3 c5 7. c3 Nc6 8. 0-0 g5 9. dxc5 Nxc5 10. Bb5 h6 11. Nb3 Nd7 12. Nbd4 Qc7 13. Re1 a6 14. Ba4 b5 15. Nxc6 Qxc6 16. Bc2 Nb6 17. a4 bxa4 18. Rxa4 Bd7 19. Ra1 Qc7 20. Be3 Nc4 21. Bc1 g4 22. Nd4 Nxe5 23. Bf4 Bd6 24. Bg3 Kf8 25. Qe2 Nc4 26. Bxd6+ Nxd6 27. Qxg4 e5 28. Nf5 Nxf5 29. Bxf5 Rg8 30. Qb4+ Ke8 31. Qf4 Bxf5 32. Rxe5+ 1-0

[Event "AUT-chT2O 1314"]
[Site "Austria"]
[Date "2014.01.25"]
[Round "6.3"]
[White "Kirschner, Alexander"]
[Black "Staudner, Oliver"]
[Result "1/2-1/2"]
[WhiteElo "2286"]
[BlackElo "2392"]
[PlyCount "120"]
[EventDate "2013.10.05"]
[EventType "team-tourn"]
[EventRounds "11"]
[EventCountry "AUT"]
[SourceTitle "EXT 2015"]
[Source "ChessBase"]
[SourceDate "2014.11.20"]
[SourceVersion "1"]
[SourceVersionDate "2014.11.20"]
[SourceQuality "1"]
[WhiteTeam "Waehring"]
[BlackTeam "Austria"]
[WhiteTeamCountry "AUT"]
[BlackTeamCountry "AUT"]

1. c4 e6 2. e4 d5 3. exd5 exd5 4. d4 Nf6 5. Nc3 Nc6 6. c5 Be7 7. Bb5 0-0 8. Nf3 Bg4 9. Bxc6 bxc6 10. h3 Bh5 11. g4 Bg6 12. Ne5 Re8 13. 0-0 Ne4 14. Nxe4 dxe4 15. Nxc6 Qd5 16. Nxe7+ Rxe7 17. Bf4 Rb8 18. b3 Rb4 19. Be3 c6 20. Qe2 f6 21. Rac1 Bf7 22. Qd2 a5 23. Rc4 Reb7 24. Rxb4 Rxb4 25. Rd1 h5 26. Qe2 a4 27. bxa4 Rxa4 28. Rd2 hxg4 29. Qxg4 Be6 30. Qg3 Rxa2 31. Rxa2 Qxa2 32. Qb8+ Kh7 33. Kh2 Qd5 34. Qg3 Qh5 35. Kg2 g5 36. Bd2 Kg6 37. Be3 Bc4 38. Kg1 Be6 39. Kg2 Bd5 40. Qg4 f5 41. Qxh5+ Kxh5 42. Kh2 Kg6 43. Bd2 f4 44. h4 Kh5 45. hxg5 Kxg5 46. Kh3 Bc4 47. Kg2 Be2 48. Bc1 Kg4 49. Bd2 Bf3+ 50. Kh2 Be2 51. Kg2 Bd1 52. Bc1 Kf5 53. Bd2 Bb3 54. Bc1 Bd5 55. Kh3 Bc4 56. Kg2 Kg4 57. f3+ Kf5 58. fxe4+ Kxe4 59. Kf2 Kxd4 60. Bxf4 Kxc5 1/2-1/2

[Event "AUT-chT2O 1213"]
[Site "Austria"]
[Date "2013.04.06"]
[Round "10.5"]
[White "Kirschner, Alexander"]
[Black "Steinert, Martin"]
[Result "1/2-1/2"]
[WhiteElo "2281"]
[BlackElo "2094"]
[PlyCount "94"]
[EventDate "2012.10.06"]
[EventType "team-tourn"]
[EventRounds "11"]
[EventCountry "AUT"]
[SourceTitle "EXT 2014"]
[Source "ChessBase"]
[SourceDate "2013.11.20"]
[SourceVersion "1"]
[SourceVersionDate "2013.11.20"]
[SourceQuality "1"]
[WhiteTeam "Waehring"]
[BlackTeam "Nickelsdorf"]
[WhiteTeamCountry "AUT"]
[BlackTeamCountry "AUT"]

1. c4 Nf6 2. Nc3 g6 3. g3 Bg7 4. Bg2 0-0 5. e4 d6 6. Nge2 e5 7. 0-0 Bg4 8. f3 Be6 9. d3 c6 10. f4 Qb6+ 11. Kh1 Ng4 12. f5 Bc8 13. Qe1 a5 14. h3 Nf6 15. g4 Ne8 16. Qg3 f6 17. Be3 Qc7 18. g5 gxf5 19. exf5 fxg5 20. Qxg5 Nd7 21. d4 Kh8 22. Rac1 Nef6 23. b3 Qd8 24. Rce1 Rg8 25. Qh4 Qf8 26. d5 c5 27. Nb5 Ne8 28. Rg1 Ndf6 29. Ng3 Bd7 30. a4 Bxb5 31. axb5 b6 32. Ref1 Qf7 33. Bf3 Bf8 34. Nh5 Rxg1+ 35. Rxg1 a4 36. bxa4 Rxa4 37. Nxf6 Nxf6 38. Bg5 Be7 39. Bxf6+ Bxf6 40. Bh5 Qf8 41. Qg4 e4 42. Qxe4 Bd4 43. Rf1 Qf6 44. Re1 Be5 45. Qg4 Ra2 46. Be8 Ra8 47. Qh5 Ra1 1/2-1/2

[Event "AUT-chT2O 1213"]
[Site "Austria"]
[Date "2013.03.09"]
[Round "8.5"]
[White "Kirschner, Alexander"]
[Black "Bauer, Valentina"]
[Result "1-0"]
[WhiteElo "2281"]
[BlackElo "1787"]
[PlyCount "51"]
[EventDate "2012.10.06"]
[EventType "team-tourn"]
[EventRounds "11"]
[EventCountry "AUT"]
[SourceTitle "EXT 2014"]
[Source "ChessBase"]
[SourceDate "2013.11.20"]
[SourceVersion "1"]
[SourceVersionDate "2013.11.20"]
[SourceQuality "1"]
[WhiteTeam "Waehring"]
[BlackTeam "Purbach"]
[WhiteTeamCountry "AUT"]
[BlackTeamCountry "AUT"]

1. c4 e6 2. e4 d5 3. exd5 exd5 4. cxd5 Nf6 5. Bb5+ Bd7 6. Bc4 Be7 7. Nf3 0-0 8. Nc3 Bg4 9. h3 Bh5 10. g4 Bg6 11. 0-0 Nbd7 12. Re1 Nb6 13. d3 Re8 14. Qb3 Bc5 15. Bf4 Bd6 16. Ne5 Kh8 17. Re2 Nfd7 18. d4 Qf6 19. Rae1 Rf8 20. Bg3 Rad8 21. f4 Nxc4 22. Qxc4 Nb6 23. Qb3 h6 24. f5 Bh7 25. Ne4 Qe7 26. Nxd6 1-0

[Event "AUT-chT2O 1213"]
[Site "Austria"]
[Date "2013.02.03"]
[Round "7.4"]
[White "Wiedner, Robert"]
[Black "Kirschner, Alexander"]
[Result "1/2-1/2"]
[WhiteElo "2133"]
[BlackElo "2281"]
[PlyCount "108"]
[EventDate "2012.10.06"]
[EventType "team-tourn"]
[EventRounds "11"]
[EventCountry "AUT"]
[SourceTitle "EXT 2014"]
[Source "ChessBase"]
[SourceDate "2013.11.20"]
[SourceVersion "1"]
[SourceVersionDate "2013.11.20"]
[SourceQuality "1"]
[WhiteTeam "Mattersburg"]
[BlackTeam "Waehring"]
[WhiteTeamCountry "AUT"]
[BlackTeamCountry "AUT"]

1. Nf3 c5 2. b3 Nc6 3. Bb2 Nf6 4. e3 e6 5. Bb5 Be7 6. 0-0 0-0 7. d4 a6 8. Bxc6 bxc6 9. c3 d5 10. Ne5 Bb7 11. Qc2 Rc8 12. Nd3 Nd7 13. b4 c4 14. Nc1 e5 15. Ne2 e4 16. Nd2 Bd6 17. f4 f5 18. a4 Nf6 19. Ng3 Ng4 20. Rfe1 Nxh2 21. Ngxe4 fxe4 22. Kxh2 Qh4+ 23. Kg1 g5 24. Nf1 gxf4 25. Qf2 Qg5 26. exf4 Bxf4 27. Qe2 Rc7 28. Bc1 Bc8 29. Bxf4 Rxf4 30. Ne3 Rf3 31. b5 Rg7 32. Ra2 axb5 33. axb5 cxb5 34. Qd2 Bd7 35. Ra8+ Rf8 36. Rxf8+ Kxf8 37. Rf1+ Kg8 38. Qf2 h5 39. Ra1 Rf7 40. Ra8+ Kg7 41. Qd2 h4 42. Nxc4 Qxd2 43. Nxd2 e3 44. Nf3 e2 45. Ra1 h3 46. Re1 hxg2 47. Kxg2 Bh3+ 48. Kg3 Bf1 49. Kf2 Rc7 50. Ng1 Rxc3 51. Nxe2 Bxe2 52. Kxe2 b4 53. Kd2 Rc7 54. Re5 Rf7 1/2-1/2

[Event "AUT-chT2O 1213"]
[Site "Austria"]
[Date "2012.12.01"]
[Round "5.3"]
[White "Kirschner, Alexander"]
[Black "Schneider Zinner, Harald"]
[Result "0-1"]
[WhiteElo "2281"]
[BlackElo "2369"]
[PlyCount "78"]
[EventDate "2012.10.06"]
[EventType "team-tourn"]
[EventRounds "11"]
[EventCountry "AUT"]
[SourceTitle "EXT 2014"]
[Source "ChessBase"]
[SourceDate "2013.11.20"]
[SourceVersion "1"]
[SourceVersionDate "2013.11.20"]
[SourceQuality "1"]
[WhiteTeam "Waehring"]
[BlackTeam "Wien Ottakring"]
[WhiteTeamCountry "AUT"]
[BlackTeamCountry "AUT"]

1. c4 e6 2. e4 d5 3. exd5 exd5 4. cxd5 Nf6 5. Bb5+ Nbd7 6. Nc3 Be7 7. Nf3 0-0 8. 0-0 Nb6 9. d4 Nbxd5 10. Re1 c6 11. Bc4 Be6 12. Bb3 Re8 13. Bg5 h6 14. Bh4 Nxc3 15. bxc3 Nd5 16. Bxe7 Rxe7 17. Rc1 Bg4 18. Rxe7 Qxe7 19. h3 Bh5 20. c4 Nf4 21. Kf1 Rd8 22. Rc3 Qd6 23. g4 Bg6 24. c5 Qd7 25. Qd2 Qc7 26. Qe3 Nd5 27. Bxd5 Rxd5 28. Qe8+ Kh7 29. Re3 Rd7 30. Kg2 f6 31. Qe6 Bf7 32. Qf5+ Kg8 33. a3 Re7 34. Rxe7 Qxe7 35. Qf4 Bd5 36. Kg3 b5 37. Nh4 a5 38. Nf5 Qe4 39. Qb8+ Kf7 0-1

[Event "AUT-chT2M 1011"]
[Site "Austria"]
[Date "2011.04.10"]
[Round "11.5"]
[White "Kirschner, Alexander"]
[Black "Wertjanz, David"]
[Result "1/2-1/2"]
[WhiteElo "2260"]
[BlackElo "2209"]
[PlyCount "120"]
[EventDate "2010.10.16"]
[EventType "team-tourn"]
[EventRounds "11"]
[EventCountry "AUT"]
[SourceTitle "EXT 2012"]
[Source "ChessBase"]
[SourceDate "2011.11.24"]
[SourceVersion "1"]
[SourceVersionDate "2011.11.24"]
[SourceQuality "1"]
[WhiteTeam "Sauwald"]
[BlackTeam "Klagenfurt"]
[WhiteTeamCountry "AUT"]
[BlackTeamCountry "AUT"]

1. c4 Nf6 2. Nc3 e5 3. Nf3 Nc6 4. g3 Bc5 5. Bg2 d6 6. 0-0 0-0 7. d3 h6 8. Bd2 a5 9. Rc1 Bf5 10. Nd5 Nxd5 11. cxd5 Ne7 12. Nxe5 Bxf2+ 13. Rxf2 dxe5 14. Qc2 c6 15. dxc6 bxc6 16. Qa4 Be6 17. Be3 Bd5 18. Bh3 Ng6 19. Bc5 Qg5 20. e3 Rfb8 21. b3 Rb5 22. Qa3 e4 23. Bf1 Rb7 24. Bd4 Nh4 25. dxe4 Bxe4 26. Be2 Nf5 27. Rc5 Bd5 28. Rxa5 Re8 29. Ra8 Rbe7 30. Rxe8+ Rxe8 31. Qc5 h5 32. Bf3 h4 33. Bxd5 cxd5 34. Qxd5 g6 35. Qf3 Rc8 36. Bb2 h3 37. Qf4 Qe7 38. e4 Nd6 39. Qh6 f6 40. Bxf6 Qh7 41. Qf4 Qd7 42. Bb2 Qe7 43. Qh6 Qh7 44. Qd2 Qe7 45. Qd5+ Kh7 46. e5 Nf5 47. Qf3 Qa7 48. g4 Nh4 49. Qxh3 g5 50. Qd3+ Kh6 51. Qd6+ Ng6 52. Bd4 Rc1+ 53. Rf1 Rxf1+ 54. Kxf1 Qxa2 55. Bf2 Qb1+ 56. Be1 Qxb3 57. Qd4 Nf4 58. Qd6+ Ng6 59. Qd4 Nf4 60. Qd6+ Ng6 1/2-1/2

[Event "AUT-chT2M 1011"]
[Site "Austria"]
[Date "2010.11.28"]
[Round "5"]
[White "Kirschner, Alexander"]
[Black "Perhinig, Robert"]
[Result "1/2-1/2"]
[WhiteElo "2260"]
[BlackElo "2262"]
[PlyCount "120"]
[EventDate "2010.10.16"]
[EventType "team-tourn"]
[EventRounds "11"]
[EventCountry "AUT"]
[SourceTitle "EXT 2012"]
[Source "ChessBase"]
[SourceDate "2011.11.24"]
[SourceVersion "1"]
[SourceVersionDate "2011.11.24"]
[SourceQuality "1"]
[WhiteTeam "Sauwald"]
[BlackTeam "Raika Feffernitz"]
[WhiteTeamCountry "AUT"]
[BlackTeamCountry "AUT"]

1. c4 e6 2. e4 d5 3. exd5 exd5 4. cxd5 Nf6 5. Bb5+ Nbd7 6. Nc3 Be7 7. Nf3 0-0 8. 0-0 Nb6 9. d4 Nbxd5 10. Re1 c6 11. Bc4 Nb6 12. Bb3 Bg4 13. h3 Bh5 14. g4 Bg6 15. Ne5 Nfd7 16. f4 Nxe5 17. dxe5 Bd3 18. Qf3 Bc4 19. Bc2 Bc5+ 20. Be3 Bxe3+ 21. Rxe3 Qh4 22. b3 Bd5 23. Nxd5 Nxd5 24. Re2 Rad8 25. Rf1 Qe7 26. Kh1 Qc5 27. Be4 f6 28. e6 Ne7 29. f5 Rd4 30. h4 Rfd8 31. g5 Qe5 32. Kg2 fxg5 33. hxg5 Rf8 34. Bxc6 Qxf5 35. Qxf5 Rxf5 36. Rxf5 Nxf5 37. Bxb7 Kf8 38. Be4 g6 39. Bxf5 gxf5 40. Re5 Rd2+ 41. Kf3 Rxa2 42. Rxf5+ Ke7 43. Rf7+ Kxe6 44. Rxh7 Kf5 45. Ke3 Kxg5 46. Kd3 Kf6 47. Rd7 Ke6 48. Rd4 Ra6 49. Kc3 Rd6 50. Ra4 a6 51. Rc4 Kd7 52. Kb4 Rc6 53. Rh4 Rb6+ 54. Ka4 Kc7 55. b4 Kb7 56. Rh5 Rg6 57. Ka5 Ka7 58. Rh7+ Ka8 59. Rd7 Kb8 60. Re7 Ka8 1/2-1/2

[Event "AUT-ch"]
[Site "Vienna"]
[Date "2010.07.30"]
[Round "7"]
[White "Kirschner, Alexander"]
[Black "Riedner, Martin"]
[Result "1-0"]
[WhiteElo "2249"]
[BlackElo "2170"]
[PlyCount "69"]
[EventDate "2010.07.24"]
[EventType "swiss"]
[EventRounds "9"]
[EventCountry "AUT"]
[SourceTitle "CBM 137 Extra"]
[Source "ChessBase"]
[SourceDate "2010.09.01"]
[SourceVersion "1"]
[SourceVersionDate "2010.09.01"]
[SourceQuality "1"]

1. c4 f5 2. Nc3 Nf6 3. g3 d6 4. Bg2 e5 5. e3 c6 6. d4 e4 7. Nge2 Na6 8. Nf4 g5 9. Nh5 Be6 10. Nxf6+ Qxf6 11. d5 Bd7 12. f3 exf3 13. Bxf3 g4 14. Bg2 Bg7 15. dxc6 bxc6 16. e4 0-0 17. Bf4 fxe4 18. Qxd6 Qxd6 19. Bxd6 Rfe8 20. Rd1 Be6 21. 0-0 Bxc4 22. Rf4 Bxc3 23. bxc3 Be2 24. Rd4 Rad8 25. Bxe4 Re6 26. Ba3 Rxd4 27. cxd4 h5 28. d5 Re8 29. dxc6 Bb5 30. Bd6 Rc8 31. Bd5+ Kg7 32. c7 Nxc7 33. Rf7+ Kg6 34. Rxc7 Rd8 35. Be4+ 1-0

[Event "AUT-ch"]
[Site "Vienna"]
[Date "2010.07.27"]
[Round "4"]
[White "Mahdy, Khaled"]
[Black "Kirschner, Alexander"]
[Result "1-0"]
[WhiteElo "2395"]
[BlackElo "2249"]
[PlyCount "95"]
[EventDate "2010.07.24"]
[EventType "swiss"]
[EventRounds "9"]
[EventCountry "AUT"]
[SourceTitle "CBM 137 Extra"]
[Source "ChessBase"]
[SourceDate "2010.09.01"]
[SourceVersion "1"]
[SourceVersionDate "2010.09.01"]
[SourceQuality "1"]

1. e4 e6 2. d4 d5 3. exd5 exd5 4. Nf3 Bg4 5. h3 Qe7+ 6. Be3 Bxf3 7. Qxf3 Nc6 8. c3 Qe4 9. Qxe4+ dxe4 10. g4 g6 11. Nd2 f5 12. f3 Nf6 13. Bg5 Bg7 14. Bxf6 Bxf6 15. fxe4 Bh4+ 16. Ke2 fxe4 17. Bg2 0-0-0 18. Nxe4 Rhe8 19. Rhf1 Re7 20. Rad1 Rde8 21. Kd3 Nd8 22. Rd2 Ne6 23. Kc2 g5 24. Nf6 Rf8 25. Nd5 Ref7 26. Rxf7 Rxf7 27. Re2 Nf4 28. Nxf4 gxf4 29. Bf3 Kd7 30. Kd3 c6 31. Re5 Bg3 32. Rh5 Kd6 33. Rh6+ Kc7 34. Be4 f3 35. Rxh7 Rxh7 36. Bxh7 f2 37. Ke2 Bh4 38. Bd3 Kd6 39. Kf3 Ke6 40. Kf4 Kf6 41. c4 a5 42. b3 b6 43. d5 c5 44. Bf1 Bg5+ 45. Kg3 Be3 46. h4 Bd4 47. g5+ Kg6 48. Kg4 1-0

[Event "Vienna op 16th"]
[Site "Vienna"]
[Date "2009.08.21"]
[Round "7"]
[White "Kirschner, Alexander"]
[Black "Neumeier, Klaus"]
[Result "0-1"]
[WhiteElo "2220"]
[BlackElo "2344"]
[PlyCount "50"]
[EventDate "2009.08.15"]
[EventType "swiss"]
[EventRounds "9"]
[EventCountry "AUT"]
[SourceTitle "CBM 131 Extra"]
[Source "ChessBase"]
[SourceDate "2009.09.03"]
[SourceVersion "2"]
[SourceVersionDate "2009.09.16"]
[SourceQuality "1"]

1. c4 e5 2. Nc3 Nf6 3. Nf3 Nc6 4. e4 Bb4 5. d3 d6 6. g3 0-0 7. Bg2 Nd7 8. 0-0 Nc5 9. a3 Bxc3 10. bxc3 f5 11. exf5 Bxf5 12. d4 Ne4 13. dxe5 dxe5 14. Qd5+ Kh8 15. Bb2 Qf6 16. Nd2 Rad8 17. Nxe4 Qg6 18. Qc5 Bxe4 19. f3 b6 20. Qe3 Bd3 21. Rfd1 Na5 22. c5 Nc4 23. Qf2 e4 24. Bc1 exf3 25. Bxf3 Ne5 0-1

[Event "Vienna op 16th"]
[Site "Vienna"]
[Date "2009.08.20"]
[Round "6"]
[White "Kirschner, Alexander"]
[Black "Vyskocil, Neklan"]
[Result "1/2-1/2"]
[WhiteElo "2220"]
[BlackElo "2347"]
[PlyCount "75"]
[EventDate "2009.08.15"]
[EventType "swiss"]
[EventRounds "9"]
[EventCountry "AUT"]
[SourceTitle "CBM 131 Extra"]
[Source "ChessBase"]
[SourceDate "2009.09.03"]
[SourceVersion "2"]
[SourceVersionDate "2009.09.16"]
[SourceQuality "1"]

1. c4 Nf6 2. Nc3 e5 3. Nf3 Nc6 4. e3 Bb4 5. Nd5 e4 6. Ng1 0-0 7. a3 Bd6 8. Qc2 Re8 9. Ne2 b6 10. Nec3 Bb7 11. Nxf6+ gxf6 12. Nxe4 Nd4 13. Qd3 Rxe4 14. f3 Nxf3+ 15. gxf3 Re5 16. Qe2 c5 17. b3 Rg5 18. Bb2 Qe7 19. 0-0-0 Be5 20. e4 Re8 21. h4 Rg7 22. Qd3 f5 23. exf5 d5 24. Rh3 dxc4 25. bxc4 Bxb2+ 26. Kxb2 Qe5+ 27. Ka2 Bc8 28. f4 Qxf5 29. Re3 Rf8 30. Qxf5 Bxf5 31. Re5 Bc8 32. Rde1 Rg4 33. Rg5+ Rxg5 34. hxg5 f6 35. Bg2 fxg5 36. Bd5+ Kg7 37. fxg5 Rf2 38. Re7+ 1/2-1/2

[Event "Vienna op 16th"]
[Site "Vienna"]
[Date "2009.08.15"]
[Round "1"]
[White "Burg, Henk"]
[Black "Kirschner, Alexander"]
[Result "0-1"]
[WhiteElo "2003"]
[BlackElo "2220"]
[PlyCount "70"]
[EventDate "2009.08.15"]
[EventType "swiss"]
[EventRounds "9"]
[EventCountry "AUT"]
[SourceTitle "CBM 131 Extra"]
[Source "ChessBase"]
[SourceDate "2009.09.03"]
[SourceVersion "2"]
[SourceVersionDate "2009.09.16"]
[SourceQuality "1"]

1. e4 e6 2. d4 d5 3. Nd2 Be7 4. Bd3 c5 5. c3 Nc6 6. Ne2 cxd4 7. cxd4 dxe4 8. Nxe4 Nf6 9. 0-0 0-0 10. N4c3 b6 11. Qa4 Nb4 12. Bb1 Bb7 13. Re1 Nbd5 14. Nxd5 Qxd5 15. Nf4 Qd6 16. Be3 Rfd8 17. Qb3 Rac8 18. h3 g6 19. Bd3 Nd5 20. Nxd5 Bxd5 21. Qa4 a5 22. Ba6 Rc7 23. Rac1 Bf6 24. Rxc7 Qxc7 25. Rc1 Qd6 26. b3 Kg7 27. Bb5 Bb7 28. f3 Bxf3 29. Bf1 Bb7 30. Qb5 Bxd4 31. Bxd4+ Qxd4+ 32. Kh1 Rd5 33. Qe2 Rh5 34. Kh2 Qf4+ 35. g3 Qxc1 0-1

[Event "AUT-chT2M 0607"]
[Site "Austria"]
[Date "2007.01.27"]
[Round "6.4"]
[White "Kirschner, Alexander"]
[Black "Rumpl, Erwin"]
[Result "0-1"]
[WhiteElo "2256"]
[BlackElo "2288"]
[PlyCount "84"]
[EventDate "2006.10.28"]
[EventType "team-tourn"]
[EventRounds "11"]
[EventCountry "AUT"]
[SourceTitle "EXT 2007"]
[Source "ChessBase"]
[SourceDate "2006.11.23"]
[SourceVersion "1"]
[SourceVersionDate "2006.11.23"]
[SourceQuality "1"]
[WhiteTeam "Sauwald"]
[BlackTeam "Ansfelden"]
[WhiteTeamCountry "AUT"]
[BlackTeamCountry "AUT"]

1. c4 g6 2. Nc3 Bg7 3. g3 d6 4. Bg2 e5 5. e3 Nf6 6. Nge2 0-0 7. 0-0 Re8 8. d3 Nc6 9. Rb1 Bf5 10. e4 Bd7 11. Nd5 Nxd5 12. cxd5 Ne7 13. b4 c6 14. dxc6 bxc6 15. a4 Be6 16. Be3 Qd7 17. d4 exd4 18. Bxd4 f5 19. Bxg7 Kxg7 20. Qd4+ Kg8 21. Nc3 a5 22. b5 c5 23. Qd2 Rad8 24. Rfd1 Rf8 25. Rb2 fxe4 26. Nxe4 Nf5 27. Qxa5 Nd4 28. Qc3 Qg7 29. Qa3 Bg4 30. Rd3 Qf7 31. Re3 Kh8 32. Qc3 Qg7 33. h3 Bf5 34. Rd2 Rfe8 35. Ng5 h6 36. Ne4 Bxe4 37. Bxe4 Rxe4 38. Qd3 Rxe3 39. Qxe3 Rf8 40. f4 g5 41. Kh2 gxf4 42. gxf4 Rg8 0-1

[Event "Vienna op-A 15th"]
[Site "Vienna"]
[Date "2006.08.04"]
[Round "7"]
[White "Kirschner, Alexander"]
[Black "Nagel, Herbert"]
[Result "1/2-1/2"]
[WhiteElo "2256"]
[BlackElo "2142"]
[PlyCount "120"]
[EventDate "2006.07.29"]
[EventType "swiss"]
[EventRounds "9"]
[EventCountry "AUT"]
[SourceTitle "CBM 113 Extra"]
[Source "ChessBase"]
[SourceDate "2006.09.14"]
[SourceVersion "1"]
[SourceVersionDate "2006.09.14"]
[SourceQuality "1"]

1. c4 Nf6 2. Nc3 d5 3. cxd5 Nxd5 4. g3 g6 5. Bg2 Nxc3 6. bxc3 Bg7 7. Rb1 Nd7 8. Nf3 0-0 9. 0-0 Nb6 10. Qc2 Bd7 11. d3 c5 12. c4 Ba4 13. Qd2 Bc6 14. h4 Qd6 15. Qe3 Nd7 16. Bb2 e5 17. Ne1 Rfe8 18. Bxc6 Qxc6 19. Qf3 Rac8 20. Qxc6 Rxc6 21. Bc1 b6 22. e4 Rd6 23. Rb3 Nb8 24. Nc2 Nc6 25. Be3 Red8 26. Rd1 f5 27. f3 f4 28. gxf4 Bh6 29. fxe5 Bxe3+ 30. Nxe3 Nxe5 31. f4 Rxd3 32. Rdxd3 Nxd3 33. Nd5 Nb4 34. a4 Nc6 35. Kf2 Kf7 36. Ke3 h6 37. Rb1 g5 38. hxg5 hxg5 39. Rf1 gxf4+ 40. Rxf4+ Kg7 41. Rf5 Rh8 42. e5 Rh1 43. Ke4 Re1+ 44. Ne3 Nd4 45. Rf1 Rxf1 46. Nxf1 Kf7 47. Kd5 Ke7 48. Ne3 Kd7 49. a5 Ne6 50. axb6 axb6 51. Ng4 Nc7+ 52. Ke4 Kc6 53. Ne3 b5 54. cxb5+ Kxb5 55. Nd5 Ne6 56. Nf4 Nxf4 57. Kxf4 Kc6 58. Kf5 Kd7 59. Kf6 Ke8 60. Kf5 Ke7 1/2-1/2

[Event "Vienna op-A 15th"]
[Site "Vienna"]
[Date "2006.08.03"]
[Round "6"]
[White "Kilgus, Georg"]
[Black "Kirschner, Alexander"]
[Result "1-0"]
[WhiteElo "2360"]
[BlackElo "2256"]
[PlyCount "59"]
[EventDate "2006.07.29"]
[EventType "swiss"]
[EventRounds "9"]
[EventCountry "AUT"]
[SourceTitle "CBM 113 Extra"]
[Source "ChessBase"]
[SourceDate "2006.09.14"]
[SourceVersion "1"]
[SourceVersionDate "2006.09.14"]
[SourceQuality "1"]

1. d4 e6 2. c4 Nf6 3. Nc3 Bb4 4. Qc2 0-0 5. a3 Bxc3+ 6. Qxc3 b6 7. Nf3 Bb7 8. e3 Ne4 9. Qc2 f5 10. Be2 d6 11. 0-0 Nd7 12. b4 Rf6 13. d5 exd5 14. Bb2 Rg6 15. cxd5 Bxd5 16. Bc4 Bxc4 17. Qxc4+ Kh8 18. Qf7 Qe8 19. Qxf5 Qe7 20. Ne5 dxe5 21. Qxe4 Re8 22. Rfd1 Nf6 23. Qc4 Ng4 24. h3 Nh6 25. Rac1 Nf5 26. Qxc7 Qg5 27. Qb7 e4 28. Qxe4 Rf8 29. Rd5 Nh4 30. Rdd1 1-0

[Event "Vienna op-A 15th"]
[Site "Vienna"]
[Date "2006.08.01"]
[Round "4"]
[White "Galavics, Hermann"]
[Black "Kirschner, Alexander"]
[Result "1/2-1/2"]
[WhiteElo "2092"]
[BlackElo "2256"]
[PlyCount "133"]
[EventDate "2006.07.29"]
[EventType "swiss"]
[EventRounds "9"]
[EventCountry "AUT"]
[SourceTitle "CBM 113 Extra"]
[Source "ChessBase"]
[SourceDate "2006.09.14"]
[SourceVersion "1"]
[SourceVersionDate "2006.09.14"]
[SourceQuality "1"]

1. d4 e6 2. c4 Nf6 3. Nf3 b6 4. g3 Bb7 5. Bg2 Be7 6. Nc3 Ne4 7. Nxe4 Bxe4 8. 0-0 0-0 9. Ne1 Bxg2 10. Nxg2 d5 11. Qa4 Qd7 12. Qxd7 Nxd7 13. cxd5 exd5 14. Nf4 Nf6 15. b3 Rfe8 16. e3 Bd6 17. Nd3 h5 18. a4 Ne4 19. Rd1 Rac8 20. Ba3 Bxa3 21. Rxa3 Nc3 22. Re1 c5 23. Kf1 cxd4 24. exd4 Rxe1+ 25. Nxe1 a5 26. Ra1 Ne4 27. Rd1 Rc3 28. Rd3 Rxd3 29. Nxd3 Nd2+ 30. Ke2 Nxb3 31. Ke3 g5 32. Ne5 Kf8 33. Nd7+ Ke7 34. Nxb6 Kd6 35. Nc8+ Kd7 36. Na7 Nc1 37. Nb5 Na2 38. f3 Nb4 39. Kd2 Ke6 40. Ke3 Kf5 41. Nd6+ Ke6 42. Nb5 Na6 43. Kd3 Nb4+ 44. Ke3 f6 45. Kd2 Ke7 46. Ke3 Kd7 47. Kd2 Nc6 48. Kd3 Ne7 49. Nc3 Kc6 50. Ne2 Nc8 51. Nc3 Nb6 52. Ke2 Nxa4 53. Nxa4 Kb5 54. Nc5 Kc4 55. Ke3 Kb4 56. Nd3+ Kc3 57. Nc5 Kb4 58. Nd3+ Kb5 59. h4 gxh4 60. gxh4 a4 61. Nc1 Kc4 62. Na2 a3 63. f4 f5 64. Nc1 Kc3 65. Na2+ Kb2 66. Kd3 Kxa2 67. Kc2 1/2-1/2

[Event "Vienna op-A 15th"]
[Site "Vienna"]
[Date "2006.07.31"]
[Round "3"]
[White "Kirschner, Alexander"]
[Black "Dinckel, Joerg"]
[Result "1-0"]
[WhiteElo "2256"]
[BlackElo "2101"]
[PlyCount "56"]
[EventDate "2006.07.29"]
[EventType "swiss"]
[EventRounds "9"]
[EventCountry "AUT"]
[SourceTitle "CBM 113 Extra"]
[Source "ChessBase"]
[SourceDate "2006.09.14"]
[SourceVersion "1"]
[SourceVersionDate "2006.09.14"]
[SourceQuality "1"]

1. c4 e5 2. Nc3 Nc6 3. g3 Nf6 4. Bg2 Bb4 5. Nd5 Nxd5 6. cxd5 Ne7 7. a3 Ba5 8. Qa4 Bb6 9. Nf3 Ng6 10. d4 exd4 11. Bg5 f6 12. Bd2 c5 13. e3 0-0 14. exd4 Re8+ 15. Be3 cxd4 16. Nxd4 Bxd4 17. Qxd4 d6 18. 0-0 Bf5 19. Rfc1 b6 20. a4 Ne5 21. Rc3 Rc8 22. Rxc8 Qxc8 23. a5 Bh3 24. axb6 Bxg2 25. Kxg2 axb6 26. Qa4 Nd7 27. b4 Re4 28. Qc6 Qe8 1-0